000 00725 a2200229 4500
999 _c196548
_d196548
005 20230714161407.0
010 _aENG-137403
020 _a9789393196002
_c730.00
035 _aEN-120935
037 _bDBAD/Pub
082 1 4 _a511.3
100 _aPatra, P. Santosh Kumar
245 1 _aFormal Language and Automata Theory
_cP. Santosh Kumar Patra et al
250 _aFirst edition.
260 _aHyderabad
_bSpectrum Publishing House,
_c2022
270 _a7-1-277/242, 6th floor near B K Guda Park, S R Nagar
_bHyderabad
_e500 038
300 _axvi, 392p.;
_c24cm(pbk)
700 _aDevasudha, P.
700 _aNagaraju, R.
700 _aRao, D. Babu
942 _cEN
_2ddc
_h511.3
_mPAT
_eFirst edition